000 00286nam a22001337a 4500
008 170606b xxu||||| |||| 00| 0 eng d
020 _a8802800858
041 _aeng
080 _a94(6)
100 _a18
101 _aSHH
245 _aHOPE AND SUFFERING
_cTUTU,D,M
942 _2udc
_cBK
999 _c16101
_d16101